000
00291nam a22001337a 4500
008
170213b xxu||||| |||| 00| 0 eng d
020
_a
9781608310036
041
_a
eng
080
_2
33RD
_a
61
100
_a
4
101
_a
SHM
245
_a
MEDICAL THERAPEUTICS
_c
FOSTER, C
942
_2
udc
_c
BK
999
_c
5212
_d
5212